000 00966nam a22002651 4500
001 18316
003 BD-RjUL
005 20211209000252.0
008 140220s1959 enk b 000 0 eng c
035 _a(BD-RjUL)18374
040 _aHarvard univ. Library
_cDLC
_dBD-RjUL
_beng
041 _aeng
082 _a820.9
_bBUE 1959
100 1 _aBush, Douglas,
_d1896-1983.
_955811
245 1 0 _aEnglish literature in the earlier seventeenth century, 1600-1660 /
_cby Douglas Bush.
260 _aOxford :
_bThe Clarendon press,
_c1959.
300 _avi p., 1 l., 621, [1] p. :
_c23 cm.
490 0 _aOxford history of English literature, ed. by F.P. Wilson and Bonamy Dobrée.
_v[5]
504 _aBibliography: p. [440]-610.
650 0 _aEnglish literature
_yEarly modern, 1500-1700
_xHistory and criticism.
_953256
650 0 _aEnglish literature
_yEarly modern, 1500-1700
_vBibliography.
_956379
942 _2ddc
_cBK
999 _c18316
_d18316